Process systems analysis and control (Record no. 13575)

000 -LEADER
fixed length control field 00578nam a22002051 4500
001 - CONTROL NUMBER
control field 13575
003 - CONTROL NUMBER IDENTIFIER
control field BD-DhUET
008 - FIXED-LENGTH DATA ELEMENTS--GENERAL INFORMATION
fixed length control field 730306s1965 nyua b 000 0 eng
040 ## - CATALOGING SOURCE
Original cataloging agency DLC
Transcribing agency DLC
Modifying agency BD-DhUET
082 ## - DEWEY DECIMAL CLASSIFICATION NUMBER
Classification number 660.284
Item number COU/1965
100 1# - MAIN ENTRY--PERSONAL NAME
Personal name Coughanowr, Donald R.
245 10 - TITLE STATEMENT
Title Process systems analysis and control
250 ## - EDITION STATEMENT
Edition statement 1st ed.
260 ## - PUBLICATION, DISTRIBUTION, ETC. (IMPRINT)
Place of publication, distribution, etc. New York
Name of publisher, distributor, etc. McGraw-Hill
Date of publication, distribution, etc. 1965
300 ## - PHYSICAL DESCRIPTION
Extent xii, 491 p.
Other physical details ill.
Dimensions 21 cm.
490 ## - SERIES STATEMENT
Series statement McGraw-Hill chemical engineering series
650 #0 - SUBJECT ADDED ENTRY--TOPICAL TERM
Topical term or geographic name as entry element Control devices process engineering
700 ## - ADDED ENTRY--PERSONAL NAME
Personal name Koppel, Lowell B.
942 ## - ADDED ENTRY ELEMENTS (KOHA)
Koha item type General Book
Holdings
Source of classification or shelving scheme Piece designation (barcode) Withdrawn status Copy number Koha full call number Koha date last borrowed Location (home branch) Sublocation or collection (holding branch) Shelving location Koha date last seen Not for loan Damaged status Lost status Koha normalized classification for sorting Price effective from Koha item type Date acquired Koha issues (times borrowed)
 29699 1660.284/COU/1965 Central Library, BUETCentral Library, BUETCirculation section2015-03-03   660_284000000000000_COU_19652015-03-03General Book2015-03-03 
 29689 2660.284/COU/19652017-05-09Central Library, BUETCentral Library, BUETCirculation section2017-05-09   660_284000000000000_COU_19652015-03-03General Book2015-03-031
 29697 3660.284/COU/1965 Central Library, BUETCentral Library, BUETCirculation section2015-03-03   660_284000000000000_COU_19652015-03-03General Book2015-03-03 
 29692 4660.284/COU/1965 Central Library, BUETCentral Library, BUETCirculation section2015-03-03   660_284000000000000_COU_19652015-03-03General Book2015-03-03 
 29698 5660.284/COU/1965 Central Library, BUETCentral Library, BUETCirculation section2015-03-03   660_284000000000000_COU_19652015-03-03General Book2015-03-03 
 29690 6660.284/COU/1965 Central Library, BUETCentral Library, BUETCirculation section2015-03-03   660_284000000000000_COU_19652015-03-03General Book2015-03-03 
 29688 7660.284/COU/1965 Central Library, BUETCentral Library, BUETCataloging to Circulation2015-03-03   660_284000000000000_COU_19652015-03-03General Book2015-03-03 
 34519 8660.284/COU/1965 Central Library, BUETCentral Library, BUETCirculation section2015-03-04   660_284000000000000_COU_19652015-03-04General Book2015-03-04 
 29694 9660.284/COU/1965 Central Library, BUETCentral Library, BUETCirculation section2015-05-11   660_284000000000000_COU_19652015-05-11General Book2015-05-11 
 29696 10660.284/COU/1965 Central Library, BUETCentral Library, BUETCirculation section2015-05-11   660_284000000000000_COU_19652015-05-11General Book2015-05-11 
 29695 11660.284/COU/1965 Central Library, BUETCentral Library, BUETCirculation section2015-05-13   660_284000000000000_COU_19652015-05-13General Book2015-05-13 
 17869 12660.284/COU/1965 Central Library, BUETCentral Library, BUETCirculation section2015-05-14   660_284000000000000_COU_19652015-05-14General Book2015-05-14 
 15822 13660.284/COU/1965 Central Library, BUETCentral Library, BUETCirculation section2015-05-18   660_284000000000000_COU_19652015-05-18General Book2015-05-18 
 29700 14660.284/COU/1965 Central Library, BUETCentral Library, BUETReading section2015-06-20   660_284000000000000_COU_19652015-06-20General Book2015-06-20 
 29701 15660.284/COU/1965 Central Library, BUETCentral Library, BUETReading section2015-06-20   660_284000000000000_COU_19652015-06-20General Book2015-06-20 
 16716 16660.284/COU/1965 Central Library, BUETCentral Library, BUETCirculation section2015-07-10   660_284000000000000_COU_19652015-07-10General Book2015-07-10